000 00499nam a2200181Ia 4500
001 15564
005 20260306170205.0
008 260306t1958||||xx |||||||||||||| ||und||
041 _aESP
082 _a547
_bM12
100 _aMacy, Rudolph
_eAUT
245 0 _aQuímica orgánica simplificada:
_bintroducción al estudio de las teorías electrónicas en química orgánica
260 _c1958
300 _a540 páginas :
_c21 cm.
650 _aGEN
654 _aCCN
942 _cLIB
_dJUS
_fJUS
_2ddc
_n
999 _c15564
_d15564